00650nam a2200145Ia 4500003000900000005001700009008004100026040002800067110006300095245012600158260008000284300004200364504005100406650004700457DO-SdBJH20180416153849.0180414s9999 dr 000 0 spa d aDO-SdBJHbspacDO-SdBJH aInstituto de Cooperación para la Seguridad Hemisférica10aFM 3-06.11 Operaciones de armas combinadas en terreno urbano / Instituto de Cooperación para la Seguridad Hemisférica aFuerte Benning, Georgia : Cuartel General Secretaría del Ejército, 2002 a334 páginas en varias paginaciones aIncluye ilistraciones y glosario de términos 4aOperaciones combinadas -- Terrenos urbanos